[Event "VIII Floripa Chess Open 2022 - LIRA - mesa 1 a 205 - HOTEL FAIAL - 206 a 246"]
[Site "Lira Tênis Clube - Florianópolis/SC"]
[Date "2022.01.25"]
[Round "2"]
[Board "68"]
[White "Piccoli, Lucas Fonseca"]
[Black "Da Silva, Joao Carlos Orguim"]
[Result "1-0"]
[WhiteElo "2097"]
[BlackElo "1794"]
[PlyCount "83"]
[EventDate "2022.01.24"]
[EventRounds "10"]
[EventCountry "BRA"]

1. e4 c5 2. Nf3 g6 3. d4 cxd4 4. Nxd4 Bg7 5. c4 Nc6 6. Be3 Nf6 7. Nc3 O-O 8.
Be2 d6 9. O-O Bd7 10. Nc2 Ne5 11. f3 b6 12. Qd2 Rc8 13. b3 Bc6 14. Nb4 Bb7 15.
Rac1 Qc7 16. Nbd5 Nxd5 17. exd5 Qd8 18. Bh6 a6 19. Bxg7 Kxg7 20. Qd4 f6 21. f4
Nd7 22. Bg4 Rc7 23. Bxd7 Rxd7 24. Rfe1 Bc8 25. Re3 Rf7 26. Rce1 Rb7 27. a4 Qc7
28. Qd2 Kf8 29. Ne2 Bd7 30. Nd4 Qc5 31. Rc1 a5 32. h3 Rb8 33. Kh2 Re8 34. Rce1
Qc8 35. R1e2 h5 36. Ne6+ Bxe6 37. Rxe6 Qd7 38. Rf2 Rh7 39. h4 Kf7 40. f5 Rg8
41. fxg6+ Rxg6 42. Qa2  1-0

[Event "VIII Floripa Chess Open 2022 - LIRA - mesa 1 a 205 - HOTEL FAIAL - 206 a 246"]
[Site "Lira Tênis Clube - Florianópolis/SC"]
[Date "2022.01.25"]
[Round "2"]
[Board "69"]
[White "Dos Santos, Rafael Goncalves"]
[Black "Volkmann, Andre Jordi"]
[Result "0-1"]
[WhiteElo "1794"]
[BlackElo "2097"]
[PlyCount "53"]
[EventDate "2022.01.24"]
[EventRounds "10"]
[EventCountry "BRA"]

1. e4 c6 2. d4 d5 3. e5 c5 4. c3 Nc6 5. Bb5 Qb6 6. Bxc6+ bxc6 7. Nf3 Ba6 8. e6
fxe6 9. Ne5 Nf6 10. g4 Nd7 11. Nxd7 Kxd7 12. dxc5 Qxc5 13. Be3 Qb5 14. Nd2 e5
15. c4 Qa5 16. O-O e6 17. f4 Bc5 18. Qf3 exf4 19. Qxf4 Rhf8 20. Qg5 Bxe3+ 21.
Qxe3 Qb6 22. c5 Qb4 23. Rf3 Rxf3 24. Nxf3 Qxg4+ 25. Kh1 Qe4 26. Qxe4 dxe4 27.
Ne5+  0-1

[Event "VIII Floripa Chess Open 2022 - LIRA - mesa 1 a 205 - HOTEL FAIAL - 206 a 246"]
[Site "Lira Tênis Clube - Florianópolis/SC"]
[Date "2022.01.25"]
[Round "2"]
[Board "70"]
[White "Reinaldo Dos Santos, Julio"]
[Black "Lorenzon, Eduardo Lucas"]
[Result "0-1"]
[WhiteElo "1789"]
[BlackElo "2092"]
[PlyCount "72"]
[EventDate "2022.01.24"]
[EventRounds "10"]
[EventCountry "BRA"]

1. d4 d5 2. c4 Nc6 3. Nc3 dxc4 4. Nf3 Nf6 5. e4 Bg4 6. Be3 e6 7. Bxc4 Bb4 8.
Qd3 O-O 9. Nd2 Qd7 10. a3 Ba5 11. f3 Bh5 12. h4 Rad8 13. Ne2 Bb6 14. Bb5 h6 15.
Nc4 Nb4 16. Qc3 Qxb5 17. Qxb4 Qa6 18. Nxb6 axb6 19. Kf2 Nxe4+ 20. Ke1 Nf6 21.
g4 Nd5 22. Qd2 Bg6 23. h5 Qd3 24. Bxh6 Qxf3 25. Rf1 Qxg4 26. Bxg7 Kxg7 27. hxg6
fxg6 28. Rh1 Nf4 29. Nxf4 Rxf4 30. Qh2 Re4+ 31. Kd2 Rexd4+ 32. Kc2 Qe4+ 33. Kb3
Qd3+ 34. Ka2 Qc4+ 35. Kb1 Rd1+ 36. Rxd1 Rxd1#  0-1

[Event "VIII Floripa Chess Open 2022 - LIRA - mesa 1 a 205 - HOTEL FAIAL - 206 a 246"]
[Site "Lira Tênis Clube - Florianópolis/SC"]
[Date "2022.01.25"]
[Round "2"]
[Board "71"]
[White "Calcado, Acyr Rogerio"]
[Black "Marques Junior, Marcos Antonio"]
[Result "1-0"]
[WhiteElo "2085"]
[BlackElo "1787"]
[PlyCount "33"]
[EventDate "2022.01.24"]
[EventRounds "10"]
[EventCountry "BRA"]

1. e4 c5 2. Nf3 a6 3. Nc3 Nc6 4. d4 cxd4 5. Nxd4 Nf6 6. Nxc6 dxc6 7. Qxd8+ Kxd8
8. Bf4 e6 9. O-O-O+ Ke8 10. f3 Bc5 11. Bc7 Nd7 12. Kb1 b5 13. e5 f6 14. Ne4 Bb6
15. Rxd7 Bxd7 16. Bxb6 fxe5 17. Bd3  1-0

[Event "VIII Floripa Chess Open 2022 - LIRA - mesa 1 a 205 - HOTEL FAIAL - 206 a 246"]
[Site "Lira Tênis Clube - Florianópolis/SC"]
[Date "2022.01.25"]
[Round "2"]
[Board "72"]
[White "Ribeiro Carrico, Victor Hugo"]
[Black "Mazetto, Sergio Luiz"]
[Result "0-1"]
[WhiteElo "1787"]
[BlackElo "2084"]
[PlyCount "48"]
[EventDate "2022.01.24"]
[EventRounds "10"]
[EventCountry "BRA"]

1. e4 c5 2. Nf3 g6 3. d4 cxd4 4. Qxd4 Nf6 5. Nc3 Nc6 6. Qa4 d6 7. e5 Ng4 8.
exd6 Qxd6 9. Bf4 Qc5 10. Ne4 Qb6 11. O-O-O Bg7 12. Bb5 O-O 13. Rd2 a6 14. c4
Bf5 15. Bxc6 bxc6 16. c5 Qb5 17. Qxb5 axb5 18. Nc3 b4 19. Nb1 Rxa2 20. Nh4 Be6
21. Rhd1 Bd5 22. Nf3 e5 23. Bg5 f6 24. Bh4 Bh6  0-1

[Event "VIII Floripa Chess Open 2022 - LIRA - mesa 1 a 205 - HOTEL FAIAL - 206 a 246"]
[Site "Lira Tênis Clube - Florianópolis/SC"]
[Date "2022.01.25"]
[Round "2"]
[Board "73"]
[White "Uczai, Joao Pedro Filimberti"]
[Black "Pavao, Fabio Biasi"]
[Result "1-0"]
[WhiteElo "2083"]
[BlackElo "1783"]
[PlyCount "37"]
[EventDate "2022.01.24"]
[EventRounds "10"]
[EventCountry "BRA"]

1. e4 c5 2. b3 Nf6 3. Nc3 Nc6 4. Bb2 g6 5. Nd5 Bg7 6. Nxf6+ exf6 7. Bc4 O-O 8.
Ne2 d6 9. O-O Re8 10. Bd5 Be6 11. d3 Bxd5 12. exd5 Ne5 13. c4 f5 14. Qd2 Qh4
15. d4 cxd4 16. Nxd4 f4 17. f3 Nd7 18. Nb5 Bf8 19. Nc7  1-0

[Event "VIII Floripa Chess Open 2022 - LIRA - mesa 1 a 205 - HOTEL FAIAL - 206 a 246"]
[Site "Lira Tênis Clube - Florianópolis/SC"]
[Date "2022.01.25"]
[Round "2"]
[Board "74"]
[White "Machado, Gilmar Dias"]
[Black "Marcolino, Antonio Claudio H."]
[Result "1-0"]
[WhiteElo "1786"]
[BlackElo "2077"]
[PlyCount "45"]
[EventDate "2022.01.24"]
[EventRounds "10"]
[EventCountry "BRA"]

1. e4 c5 2. d4 cxd4 3. c3 dxc3 4. Nxc3 Nc6 5. Nf3 Nf6 6. Bc4 e6 7. e5 Ng4 8.
Bf4 h5 9. O-O a6 10. Ne4 Qb6 11. Qd2 Qb4 12. Qe2 b5 13. Bd3 Nd4 14. Nxd4 Qxd4
15. Rfd1 Bb7 16. Rac1 Be7 17. Bb1 Qb6 18. h3 Nh6 19. Qxh5 Bc6 20. Nd6+ Bxd6 21.
exd6 Kf8 22. Rc3 Kg8 23. Qe5 {planilhas com lances diferentes}  1-0

[Event "VIII Floripa Chess Open 2022 - LIRA - mesa 1 a 205 - HOTEL FAIAL - 206 a 246"]
[Site "Lira Tênis Clube - Florianópolis/SC"]
[Date "2022.01.25"]
[Round "2"]
[Board "75"]
[White "Martins, Anderson Donay"]
[Black "Borger, David Lupovici"]
[Result "1-0"]
[WhiteElo "2072"]
[BlackElo "1778"]
[PlyCount "102"]
[EventDate "2022.01.24"]
[EventRounds "10"]
[EventCountry "BRA"]

1. e4 c5 2. Nf3 Nc6 3. Bb5 e6 4. O-O Nge7 5. Re1 Nd4 6. Nxd4 cxd4 7. c3 a6 8.
Qa4 Qb6 9. Na3 Ng6 10. Bf1 Bc5 11. b4 Be7 12. Nc4 Qc7 13. b5 dxc3 14. dxc3 O-O
15. b6 Qd8 16. Qa5 d5 17. Rd1 Qe8 18. exd5 exd5 19. Qxd5 Qa4 20. Be3 Be6 21.
Qa5 Qc6 22. Ne5 Nxe5 23. Qxe5 Bf6 24. Qc5 Rac8 25. Qxc6 Rxc6 26. g3 Bg4 27. Bg2
Rxc3 28. Rdc1 Rd3 29. Rab1 Rd7 30. Rc7 Rxc7 31. bxc7 b5 32. Bb7 Bc8 33. Bxc8
Rxc8 34. Bb6 Kf8 35. Rd1 Ke8 36. Kf1 g6 37. Ke2 Be7 38. a3 Bf6 39. Rd3 Be7 40.
f4 Bf6 41. g4 h6 42. h4 Be7 43. Kf3 Bf6 44. g5 hxg5 45. hxg5 Be7 46. Kg4 Ra8
47. Ba5 Rc8 48. Kf3 Ra8 49. Ke2 Rc8 50. Ke3 Ra8 51. a4 bxa4  1-0

[Event "VIII Floripa Chess Open 2022 - LIRA - mesa 1 a 205 - HOTEL FAIAL - 206 a 246"]
[Site "Lira Tênis Clube - Florianópolis/SC"]
[Date "2022.01.25"]
[Round "2"]
[Board "76"]
[White "Daneri, Martin"]
[Black "Silvestre, Gilmar Severino"]
[Result "1-0"]
[WhiteElo "2069"]
[BlackElo "1775"]
[PlyCount "28"]
[EventDate "2022.01.24"]
[EventRounds "10"]
[EventCountry "BRA"]

1. d4 Nf6 2. Bf4 e6 3. e3 d5 4. Nd2 Bd6 5. Bg3 O-O 6. Bd3 c5 7. c3 Nc6 8. Ngf3
a6 9. Ne5 Qc7 10. f4 b5 11. O-O b4 12. Bh4 Be7 13. g4 bxc3 14. bxc3 Ne4 {
ilegivel}  1-0

[Event "VIII Floripa Chess Open 2022 - LIRA - mesa 1 a 205 - HOTEL FAIAL - 206 a 246"]
[Site "Lira Tênis Clube - Florianópolis/SC"]
[Date "2022.01.25"]
[Round "2"]
[Board "77"]
[White "Dos Santos, Gustavo Mota"]
[Black "Marcolino, Daniel Mattos"]
[Result "1/2-1/2"]
[WhiteElo "1782"]
[BlackElo "2068"]
[PlyCount "71"]
[EventDate "2022.01.24"]
[EventRounds "10"]
[EventCountry "BRA"]

1. e4 c6 2. d4 d5 3. f3 Qb6 4. Nc3 e6 5. a3 Nd7 6. Be3 Ngf6 7. e5 Nxe5 8. Na4
Qa5+ 9. b4 Qxa4 10. dxe5 Nd7 11. Ne2 c5 12. bxc5 Bxc5 13. Bxc5 Nxc5 14. Nc3 Qa5
15. Bb5+ Bd7 16. Qd4 Rc8 17. Qb4 Qc7 18. f4 a6 19. Be2 O-O 20. O-O Ne4 21. Nxe4
dxe4 22. Qxe4 Qc6 23. Qe3 Qd5 24. Bd3 g6 25. Kh1 Qa5 26. h4 Rc3 27. a4 h5 28.
Qg3 Kh7 29. Qg5 Qd8 30. Qxh5+ Kg8 31. Qg5 Qxg5 32. fxg5 Rfc8 33. Rf4 a5 34.
Raf1 R8c7 35. h5 gxh5 36. Rf6  1/2-1/2

[Event "VIII Floripa Chess Open 2022 - LIRA - mesa 1 a 205 - HOTEL FAIAL - 206 a 246"]
[Site "Lira Tênis Clube - Florianópolis/SC"]
[Date "2022.01.25"]
[Round "2"]
[Board "78"]
[White "Guara Neto, Argemiro Braga"]
[Black "Nakata, Thifanni Harumi"]
[Result "0-1"]
[WhiteElo "2060"]
[BlackElo "1766"]
[PlyCount "61"]
[EventDate "2022.01.24"]
[EventRounds "10"]
[EventCountry "BRA"]

1. e4 c5 2. Nf3 d6 3. d4 cxd4 4. Nxd4 Nf6 5. Nc3 a6 6. f3 e5 7. Nb3 Be7 8. Be3
h5 9. Qd2 Nbd7 10. O-O-O b5 11. Kb1 Nb6 12. a3 Be6 13. h4 Rb8 14. Bg5 Nc4 15.
Qd3 Nd7 16. Bc1 Bxh4 17. Nd5 Bxd5 18. exd5 Bg3 19. Nd2 Nxd2+ 20. Bxd2 h4 21.
Qf5 Qf6 22. Qg4 Bf4 23. Bxf4 exf4 24. Re1+ Kd8 25. g3 Ne5 26. Qxf4 Qxf4 27.
gxf4 Nxf3 28. Rd1 g5 29. Bg2 g4 30. Bxf3 gxf3 31. Rdf1  0-1

[Event "VIII Floripa Chess Open 2022 - LIRA - mesa 1 a 205 - HOTEL FAIAL - 206 a 246"]
[Site "Lira Tênis Clube - Florianópolis/SC"]
[Date "2022.01.25"]
[Round "2"]
[Board "80"]
[White "Souza Dos Santos, Matheus Garcett"]
[Black "Machado, Leonardo Ribeiro"]
[Result "1-0"]
[WhiteElo "2054"]
[BlackElo "1765"]
[PlyCount "87"]
[EventDate "2022.01.24"]
[EventRounds "10"]
[EventCountry "BRA"]

1. c4 Nf6 2. Nc3 g6 3. e4 d6 4. d4 Bg7 5. Nf3 O-O 6. Be2 Nc6 7. Be3 e5 8. d5
Ne7 9. h3 Ne8 10. g4 f5 11. gxf5 gxf5 12. Bg5 Nf6 13. exf5 Bxf5 14. Nh4 Qd7 15.
Nxf5 Qxf5 16. Qd2 Ng6 17. O-O-O Rae8 18. Be3 a6 19. Rdg1 Nf4 20. Qc2 Qxc2+ 21.
Kxc2 Nxe2 22. Nxe2 Ne4 23. Rg2 Kh8 24. b4 Rf7 25. Rhg1 Ref8 26. Kd3 Nf6 27. Ng3
Ne8 28. Ne4 h6 29. Rg4 Kh7 30. Rh4 Rf5 31. Ng5+ Kg8 32. Ne6 R8f6 33. Rxh6 Rxh6
34. Bxh6 Rf7 35. Bxg7 Nxg7 36. Nxg7 Rxg7 37. Rxg7+ Kxg7 38. Ke4 Kg6 39. f4 exf4
40. Kxf4 Kf6 41. h4 Kg6 42. Kg4 Kf6 43. h5 c6 44. Kf4  1-0

[Event "VIII Floripa Chess Open 2022 - LIRA - mesa 1 a 205 - HOTEL FAIAL - 206 a 246"]
[Site "Lira Tênis Clube - Florianópolis/SC"]
[Date "2022.01.25"]
[Round "2"]
[Board "186"]
[White "Toffoli, Vanessa"]
[Black "Lima, Stefan Moisei Vieira"]
[Result "0-1"]
[WhiteElo "1013"]
[BlackElo "1682"]
[PlyCount "0"]
[EventDate "2022.01.24"]
[EventRounds "10"]
[EventCountry "BRA"]

1. e4 c5 2. Nf3 d6 3. Bb5+ Bd7 4. Bxd7+ Qxd7 5. O-O Nf6 6. Qe2 e6 7. Rd1 Be7 8. c3 Nc6 9. d4 cxd4 10. cxd4 d5 11. Nc3 dxe4 12. Nxe4 O-O 13. Bg5 Nxe4 14. Qxe4 h6 15. Ne5 Nxe5 16. dxe5 Qc7 17. Rac1 Rfd8 18. Bxe7 Qxe7 19. h3 Rac8 20. Rxc8 Rxc8 21. Rd3 Rc1+ 22. Kh2 Qc7 23. f4 Rc2 24. Rd8+ Qxd8 25. Qxc2 Qb6 26. f5 Qb5 27. Qc8+ Kh7 28. fxe6 Qxe5+ 29. Kg1 Qxe6 30. Qxb7 Qxa2 31. Qe4+ g6 32. b4 Qa1+ 33. Kh2 f5 34. Qe7+ Qg7 35. Qe3 Qc7+ 36. Kh1 Qf7 37. Qf2 g5 38. Kg1 Kg6 39. g4 fxg4 40. Qc2+ Qf5 41. Qc6+ Kh5 42. hxg4+ Qxg4+ 43. Qg2 Qxg2+ 44. Kxg2 Kg4 45. b5 h5 46. Kh2 Kf3 47. Kg1 h4 48. Kh2 h3 49. Kxh3 g4+ 50. Kh2 Kf2 51. b6 g3+ 52. Kh3 axb6   0-1

[Event "VIII Floripa Chess Open 2022 - LIRA - mesa 1 a 205 - HOTEL FAIAL - 206 a 246"]
[Site "Lira Tênis Clube - Florianópolis/SC"]
[Date "2022.01.25"]
[Round "2"]
[Board "187"]
[White "Nogueira, Antonio Rodrigues"]
[Black "Haraguchi, Matheus Sashaki"]
[Result "1/2-1/2"]
[WhiteElo "1826"]
[BlackElo "1677"]
[PlyCount "0"]
[EventDate "2022.01.24"]
[EventRounds "10"]
[EventCountry "BRA"]

1. c4 e6 2. Nc3 d5 3. cxd5 exd5 4. d4 Nf6 5. Nf3 Be7 6. Bg5 O-O 7. e3 c6 8. Be2 Bf5 9. Qb3 Qb6 10. Qxb6 axb6 11. a3 h6 12. Bh4 Re8 13. O-O Ne4 14. Bxe7 Nxc3 15. bxc3 Rxe7 16. c4 dxc4 17. Bxc4 b5 18. Bb3 Nd7 19. Rfc1 Nb6 20. Ne5 Kf8 21. g4 Be6 22. Bxe6 Rxe6 23. Nd3 Na4 24. Kf1 Re4 25. h3 Re7 26. Nc5 Nxc5 27. Rxc5 Ra4 28. Rcc1 Re8 29. d5 cxd5 30. Rc5 b4 31. Rb5 bxa3 32. Rxb7 g5 33. Ra2 Rea8 34. Rb5 d4 35. exd4 Rxd4 36. Rb3 Rda4 37. Kg2 Kg7 38. Kg3 R8a5 39. f3 Kg6 40. h4 gxh4+ 41. Kxh4 h5 42. Kg3 hxg4 43. fxg4 Kg5 44. Kh3 Rxg4 45. Rbxa3 Rxa3+ 46. Rxa3 Rb4 47. Rg3+ Kf5 48. Rf3+ Rf4 49. Rb3 Ke4 50. Rb4+ Ke5 51. Rb5+ Kd6 52. Kg3 Rd4 53. Kf3 Ra4 54. Rb6+ Ke5 55. Rb3 Rd4 56. Rb5+ Kf6 57. Rb6+ Kg5 58. Rb1 f6 59. Rg1+ Kf5 60. Ke3 Ra4 61. Rc1 Ra3+ 62. Kf2 Kf4 63. Rc4+ Kg5 64. Rc8 f5 65. Rc5 Kg4 66. Rc2 f4 67. Rc8 Ra2+ 68. Kf1 Kg3 69. Rg8+ Kf3 70. Kg1 Ra1+ 71. Kh2 Kf2 72. Rg2+ Ke3 73. Rb2 Re1 74. Rb3+ Kf2 75. Rb2+ Re2 76. Rb8 f3 77. Rb1 Ra2 78. Rc1 Rd2 79. Rc8 Kf1+ 80. Kg3 f2   1/2-1/2

[Event "VIII Floripa Chess Open 2022 - LIRA - mesa 1 a 205 - HOTEL FAIAL - 206 a 246"]
[Site "Lira Tênis Clube - Florianópolis/SC"]
[Date "2022.01.25"]
[Round "2"]
[Board "188"]
[White "Conor, Gilberto Bordignon"]
[Black "Rodrigues, Paulo De Tharso Brondi"]
[Result "1-0"]
[WhiteElo "1673"]
[BlackElo "1018"]
[PlyCount "0"]
[EventDate "2022.01.24"]
[EventRounds "10"]
[EventCountry "BRA"]

1. e4 e5 2. Nf3 Nc6 3. Bc4 Bc5 4. b4 Bxb4 5. c3 Bc5 6. d4 exd4 7. O-O Nf6 8. cxd4 d5 9. exd5 Nxd4 10. Nxd4 O-O 11. Nb3 Bd6 12. Bb2 a6 13. h3 b5 14. Be2 Nxd5 15. Bf3 Bb7 16. Qd4 Qg5 17. h4 c5 18. Nxc5 Bxc5 19. hxg5 Bxd4 20. Bxd4 Rab8 21. Rd1 Nb4 22. Bxb7 Rxb7 23. Bc5 Nc2 24. Bxf8 Nxa1 25. Bb4 Rb8 26. Na3 Rc8 27. Rxa1   1-0

[Event "VIII Floripa Chess Open 2022 - LIRA - mesa 1 a 205 - HOTEL FAIAL - 206 a 246"]
[Site "Lira Tênis Clube - Florianópolis/SC"]
[Date "2022.01.25"]
[Round "2"]
[Board "189"]
[White "Soares, Rafael Tuma"]
[Black "Pironti, Francisco Ferrari"]
[Result "0-1"]
[WhiteElo "1811"]
[BlackElo "1665"]
[PlyCount "0"]
[EventDate "2022.01.24"]
[EventRounds "10"]
[EventCountry "BRA"]

1. d4 d5 2. c4 e6 3. Nc3 Be7 4. Bf4 Nf6 5. cxd5 exd5 6. e3 O-O 7. Bd3 c6 8. h3 Re8 9. Nf3 Nbd7 10. a3 a5 11. Qc2 Nf8 12. O-O Ne6 13. Ng5 Nxg5 14. Bxg5 h6 15. Bf4 Bd6 16. Ne2 Be6 17. b4 axb4 18. axb4 Bxb4 19. Rab1 Bd6 20. Rxb7 Bxf4 21. Nxf4 Qd6 22. Rc1 Bd7 23. Qc5 Qxc5 24. Rxc5 Ra2 25. Rc2 Ra3 26. Be2 Rea8 27. Nh5 Be6 28. Nxf6+ gxf6 29. Rxc6 Ra1+ 30. Kh2 R8a2 31. Bf3 Rxf2 32. Kg3 Rd2 33. Rb3 Kg7 34. Rc5 Raa2 35. Rcc3 Kg6 36. e4 dxe4 37. Bxe4+ f5 38. d5 Bxd5 39. Bxd5 Rxd5 40. Kf4 Rxg2 41. Rb8 Rd4+   0-1

[Event "VIII Floripa Chess Open 2022 - LIRA - mesa 1 a 205 - HOTEL FAIAL - 206 a 246"]
[Site "Lira Tênis Clube - Florianópolis/SC"]
[Date "2022.01.25"]
[Round "2"]
[Board "190"]
[White "Tsuchie, Pedro Pinheiro"]
[Black "Bieging, Luca Jurgen"]
[Result "1-0"]
[WhiteElo "1660"]
[BlackElo "1843"]
[PlyCount "0"]
[EventDate "2022.01.24"]
[EventRounds "10"]
[EventCountry "BRA"]

1. e4 c5 2. Nf3 Nc6 3. d4 cxd4 4. Nxd4 e5 5. Nb5 Nf6 6. N1c3 d6 7. Bg5 a6 8. Na3 b5 9. Bxf6 gxf6 10. Nd5 Bh6 11. c3 O-O 12. Qf3 Bg7 13. h4 Rb8 14. h5 h6 15. Nc2 a5 16. Nce3 b4 17. Nf5 Bxf5 18. Qxf5 a4 19. a3 bxc3 20. bxc3 Qa5 21. Rh3 Qd8 22. Rd1 Rb3 23. Be2 Rxa3 24. Rg3 Kh8 25. Rxg7 Kxg7 26. Rd3 Nd4 27. cxd4 Rxd3 28. Bxd3 a3 29. Bc4 a2 30. Bxa2 Qa5+ 31. Kf1 Qd8 32. dxe5 dxe5 33. g3 Qd6 34. Kg2 Qe6 35. Qxe6 fxe6 36. Nc7 Kh7 37. Bxe6 Rb8 38. Nd5 Kg7 39. Bf5 Kf7 40. Bg6+ Ke6 41. Ne3 Rh8 42. Kf3 Rg8 43. Kg4 Rf8 44. Nf5 Rh8 45. Ng7+ Ke7 46. Ne8 Rxe8 47. Bxe8 Kxe8 48. Kf5 Ke7 49. f3   1-0

[Event "VIII Floripa Chess Open 2022 - LIRA - mesa 1 a 205 - HOTEL FAIAL - 206 a 246"]
[Site "Lira Tênis Clube - Florianópolis/SC"]
[Date "2022.01.25"]
[Round "2"]
[Board "191"]
[White "Abilhoa, Felipe Auer"]
[Black "Lopes, Leonardo Borges"]
[Result "0-1"]
[WhiteElo "1800"]
[BlackElo "1653"]
[PlyCount "0"]
[EventDate "2022.01.24"]
[EventRounds "10"]
[EventCountry "BRA"]

1. d4 Nf6 2. c4 g6 3. Nf3 Bg7 4. e3 d6 5. Nc3 O-O 6. Bd3 Nbd7 7. O-O Re8 8. h3 e5 9. e4 exd4 10. Nxd4 Nc5 11. Re1 Nfd7 12. Bc2 Ne5 13. b3 Qh4 14. Nd5 Ned3 15. Re2 Bxh3 16. gxh3 Bxd4 17. Rb1 Qg3+ 18. Kh1 Qxh3+ 19. Kg1 Re5 20. Be3 Rh5 21. Qf1 Qh2#   0-1

[Event "VIII Floripa Chess Open 2022 - LIRA - mesa 1 a 205 - HOTEL FAIAL - 206 a 246"]
[Site "Lira Tênis Clube - Florianópolis/SC"]
[Date "2022.01.25"]
[Round "2"]
[Board "192"]
[White "Franzen, Mark Scheer"]
[Black "Cardoso, Catharina Alves"]
[Result "1-0"]
[WhiteElo "1649"]
[BlackElo "1819"]
[PlyCount "0"]
[EventDate "2022.01.24"]
[EventRounds "10"]
[EventCountry "BRA"]

1. e4 e5 2. Bc4 Bc5 3. Nc3 Nc6 4. Qg4 Qf6 5. Nd5 Qxf2+ 6. Kd1 Nf6 7. Qxg7 Rf8 8. Nxf6+ Ke7 9. Nd5+ Kd8 10. Qf6+ Qxf6 11. Nxf6 Bxg1 12. Rxg1 d6 13. d3 Bd7 14. Bg5 Kc8 15. Rf1 Bg4+ 16. Nxg4 Rg8 17. h4 Nd4 18. c3 Ne6 19. Rxf7 Nxg5 20. hxg5 Rxg5 21. Be6+ Kd8 22. Rf8+ Ke7 23. Rxa8 Kxe6 24. Ne3 Rg3 25. Ke2 h5 26. Rh1 c6 27. Rxh5 d5 28. Rh6+ Kd7 29. exd5 cxd5 30. Rxa7 Kc7 31. Rh7+ Kb8 32. Raxb7+ Ka8 33. Rbe7 Rg8 34. g4 d4 35. cxd4 exd4 36. g5 dxe3 37. g6 Rb8 38. Ra7#   1-0

[Event "VIII Floripa Chess Open 2022 - LIRA - mesa 1 a 205 - HOTEL FAIAL - 206 a 246"]
[Site "Lira Tênis Clube - Florianópolis/SC"]
[Date "2022.01.25"]
[Round "2"]
[Board "193"]
[White "Silva, Jeferson"]
[Black "Zaak Saraiva, Victor Romario Alves"]
[Result "1/2-1/2"]
[WhiteElo "1800"]
[BlackElo "1648"]
[PlyCount "0"]
[EventDate "2022.01.24"]
[EventRounds "10"]
[EventCountry "BRA"]

1. e4 c5 2. Nf3 e6 3. c3 d5 4. e5 Ne7 5. d4 Nec6 6. a3 c4 7. Bg5 Be7 8. h4 Nd7 9. g3 f6 10. exf6 Nxf6 11. Bh3 O-O 12. Nbd2 Bd6 13. O-O Qc7 14. Qe2 e5 15. Bxc8 Raxc8 16. dxe5 Nxe5 17. Nxe5 Bxe5 18. Rae1 Rce8 19. Bxf6 Rxf6 20. Nf3 Rfe6 21. Qd2 Qc5 22. Kg2 Bf6 23. Rxe6 Rxe6 24. Rd1 Rd6 25. Qe2 Qc6 26. Nd4 Bxd4 27. Rxd4 Qd7 28. Qe5 Qe6 29. Qxe6+ Rxe6 30. Rxd5 Rb6 31. Rd2 Kf7 32. g4 h6 33. f4 g6 34. Kf3 Kf6 35. g5+ hxg5 36. hxg5+ Kf7 37. Ke4 Ke7 38. f5 gxf5+ 39. Kxf5 Kf7 40. g6+ Kg7 41. Rd7+ Kg8 42. Rc7 Rxb2 43. Rxc4 Rb5+ 44. Ke6 Kg7 45. Rb4 Ra5 46. Rxb7+ Kxg6 47. Rb3 Ra6+ 48. Kd7 Ra4 49. Kc6 Kf6 50. Kb5 Re4 51. c4 Ke7 52. Rd3 Re6 53. c5 a6+ 54. Ka5 Rc6 55. Kb4 Ke6 56. a4 Ke7 57. a5 Ke6 58. Kc4 Ke7 59. Kd5 Kd7 60. Rf3 Rg6 61. Rf7+ Kc8 62. c6 Rg2 63. Ra7 Rd2+ 64. Kc5 Rc2+ 65. Kb6 Rb2+ 66. Kxa6 Rb3 67. Rg7 Rb2 68. Ka7 Rb5 69. a6 Rb3 70. Rh7 Rb2 71. Re7 Rb3   1/2-1/2

[Event "VIII Floripa Chess Open 2022 - LIRA - mesa 1 a 205 - HOTEL FAIAL - 206 a 246"]
[Site "Lira Tênis Clube - Florianópolis/SC"]
[Date "2022.01.25"]
[Round "2"]
[Board "194"]
[White "Ferreira, Angelo Augusto Pacheco"]
[Black "Damasceno Martins, Carlos Eduardo De Souza"]
[Result "1/2-1/2"]
[WhiteElo "1647"]
[BlackElo "1800"]
[PlyCount "0"]
[EventDate "2022.01.24"]
[EventRounds "10"]
[EventCountry "BRA"]

1. d4 d5 2. c4 e6 3. Nc3 Nf6 4. cxd5 exd5 5. Bg5 Be7 6. e3 c6 7. Bd3 Nbd7 8. Qc2 O-O 9. Nf3 Re8 10. O-O Nf8 11. Rab1 a5 12. a3 Bd6 13. e4 dxe4 14. Nxe4 Be7 15. Rfe1 Nxe4 16. Bxe7 Rxe7 17. Rxe4 Bf5 18. Rh4 Bxd3 19. Qxd3 Rd7 20. Rd1 Qf6 21. Re4 Rad8 22. b4 axb4 23. axb4 Ne6 24. Qe3 h6 25. Ne5 Rd5 26. f4 c5 27. bxc5 Nxc5 28. Ng4 Qc6 29. Rc1 Nxe4 30. Rxc6 Rxd4 31. h3 bxc6 32. Ne5 f5 33. Qb3+ R8d5 34. Qb8+ Rd8 35. Qa7 Ng3 36. Qf7+ Kh8 37. Kh2 Nf1+ 38. Kg1 Ng3 39. Qg6 Rd1+ 40. Kh2 Nf1+ 41. Kg1 Ng3+ 42. Kh2 Nf1+ 43. Kg1   1/2-1/2

[Event "VIII Floripa Chess Open 2022 - LIRA - mesa 1 a 205 - HOTEL FAIAL - 206 a 246"]
[Site "Lira Tênis Clube - Florianópolis/SC"]
[Date "2022.01.25"]
[Round "2"]
[Board "195"]
[White "De Oliveira Filho, Fernando F"]
[Black "Pereira, Fernanda De Andrade"]
[Result "1-0"]
[WhiteElo "1642"]
[BlackElo "1800"]
[PlyCount "0"]
[EventDate "2022.01.24"]
[EventRounds "10"]
[EventCountry "BRA"]

1. d4 Nf6 2. c4 e6 3. Nf3 b6 4. Nc3 Bb4 5. e3 O-O 6. Bd3 d5 7. O-O dxc4 8. Bxc4 Ba6 9. Bxa6 Nxa6 10. Qa4 Qc8 11. Bd2 Bd6 12. Rac1 c5 13. Nb5 Be7 14. b4 Qb7 15. bxc5 bxc5 16. Rb1 Nc7 17. dxc5 Nxb5 18. Qxb5 Qxb5 19. Rxb5 Rfc8 20. Rc1 Ne4 21. c6 Nxd2 22. Nxd2 Bd6 23. h3 Rc7 24. Rb7 Rac8 25. Rxc7 Rxc7 26. Nb3 e5 27. Kf1 Kf8 28. Ke2 Ke7 29. Na5 Bb4 30. Nb7 Rc8 31. e4 Ke6 32. f3 Be7 33. Rc4 Bd8 34. Kd3 Bb6 35. Kc3 Ke7 36. Kb4 Ke6 37. Kb5 Ke7 38. a4 Ke6 39. Rc2 Ke7 40. Rd2 Bd4 41. Rc2 Bb6 42. Nc5 Kd6 43. Rd2+ Ke7 44. Rd7+ Ke8 45. a5 Bxa5 46. Rxa7 Bd8 47. Nb7 Be7 48. Ra6 g6 49. Kc4 f5 50. Kd5 fxe4 51. fxe4 Bf6 52. Nd6+   1-0

[Event "VIII Floripa Chess Open 2022 - LIRA - mesa 1 a 205 - HOTEL FAIAL - 206 a 246"]
[Site "Lira Tênis Clube - Florianópolis/SC"]
[Date "2022.01.25"]
[Round "2"]
[Board "196"]
[White "Herai, Roberto Hirochi"]
[Black "Goetten Wagner, Julia"]
[Result "0-1"]
[WhiteElo "1800"]
[BlackElo "1638"]
[PlyCount "0"]
[EventDate "2022.01.24"]
[EventRounds "10"]
[EventCountry "BRA"]

1. e4 c5 2. Nf3 e6 3. d4 cxd4 4. Nxd4 Nf6 5. Bd3 Nc6 6. Be3 d6 7. O-O Be7 8. c4 O-O 9. Nc3 Bd7 10. Rc1 Nxd4 11. Bxd4 Bc6 12. b4 b6 13. Qe2 Rc8 14. Nb5 Qd7 15. a3 Rfd8 16. Rfd1 Qb7 17. f3 Nd7 18. Bf2 Ne5 19. Nd4 Nxd3 20. Rxd3 Be8 21. Nb3 Qa6 22. Nd2 Bf6 23. Rc2 d5 24. e5 Be7 25. Rdc3 dxc4 26. Nxc4 Bb5 27. h3 h6 28. Qe4 Bxc4 29. Rxc4 Rxc4 30. Qxc4 Qxa3 31. Ra2 Qxb4 32. Qxb4 Bxb4 33. Rxa7 b5 34. Rb7 Rd5 35. f4 Bd2 36. g3 b4 37. Kf1 Ra5 38. Ke2 Ra2 39. Bd4 Bc3+ 40. Ke3 Be1 41. Bc5 Bf2+   0-1